| 000 | 00583cam a22001934a 4500 | ||
|---|---|---|---|
| 005 | 20250901165343.0 | ||
| 008 | 101026s2004 nyua 001 0 eng d | ||
| 010 | _a 2010484297 | ||
| 020 | _a0072232285 (pbk.) | ||
| 020 | _a9780072232288 (pbk.) | ||
| 050 | 0 | 0 |
_aHF5548.4.M523 C766 2004 _bC766 2004 |
| 082 | 0 | 4 |
_a005.54 _222 |
| 100 | 1 |
_aCronan, John _q(John James) |
|
| 245 | 1 | 0 |
_aMicrosoft Office Excel 2003 / _cJohn Cronan. |
| 260 |
_aNew York : _bMcGraw-Hill/Osborne, _cc2004. |
||
| 300 |
_axviii, 206 p. : _bcol. ill. ; _c21 x 26 cm. |
||
| 500 | _aIncludes index. | ||
| 942 | _2ddc | ||
| 999 |
_c2616 _d2616 |
||